000 01325cam a2200217 4500
001 ##L134523
008 060814n2006 000 0 eng u
035 _a(Sirsi) u134523
041 0 _aeng
050 0 4 _a333.72 $2 18
110 1 _aUnited Kingdom
_bDepartment for Environment, Food and Rural Affairs
245 0 0 _aSustainable indicators in your pocket 2006
_ban update of the UK government strategy indicators
260 _aLondon
_bDEFRA
_c2006
520 _aReports that more than half of the official measurements of environmental, social and economic well being have indicated recent improvements in the UK. Compared with 1999 improved areas include air pollution emissions, waste recycling, vehicle crime and burglary, housing conditions and local environmental quality. Areas that have deteriorated since 1999 include aviation emissions of greenhouse gases, water lost through leaks, household waste levels, urban ozone pollution and childhood obesity.
590 _aIKA220806
651 4 _aUnited Kingdom
_y
690 _aENVIRONMENTAL AND LAND CONSULTANCY-SUSTAINABILITY-SUSTAINABLE DEVELOPMENT
710 1 _aUnited Kingdom
_bOffice of National Statistics
_92035
856 4 0 _uhttps://www.defra.gov.uk/news/latest/2006/defra-0802.htm
_zView the indicators free of charge at www.defra.gov.uk...
942 _n0
999 _c105711
_d105711